zpět

Detail výsledku týmu

Bridge Bar, Týn nad Vltavou

Datum a čas kvízu

37.5 Celkem bodů Celkový počet nahraných bodů na tomto kvízu bez doplňovacích otázek.
3. Pořadí na kvízu Konečné umístění týmu na tomto kvízu.

Zaznamenané odpovědi

# Otázka Odpověď Body Výsledky
1. Příslušníci jisté profese se v... popeláři 1
2. Která velká evropská země schv... Francie 1
3. Která moderátorka oznámila, že... Lucie Výborná 1
4. Minulý týden se v českých médi... mobilní telefony 1
5. Mistry republiky 2026 se o vík... A 1
6. Na obrázku níže můžete vidět d... Drákula a Frankenstein 1
7. Co by to bylo za hororové téma... D 1
8. Ze které (převážně videoherní)... Resident Evil 1
9. Přiřaďte herce a herečky k jej... 1D 2A 3B 4C 0
10. Čím je inspirován česko-americ... D 1